[Event "Riga Tech Rapid op"]
[Site "Riga"]
[Date "2021.08.08"]
[Round "2"]
[White "Lindermans, Pavels"]
[Black "Narayanan, Sunilduth Lyna"]
[Result "0-1"]
[WhiteElo "1943"]
[BlackElo "2624"]
[PlyCount "78"]
[EventDate "2021.08.08"]
[EventType "swiss (rapid)"]
[EventRounds "9"]
[EventCountry "LAT"]
[SourceTitle "CBM 203 Extra"]
[Source "ChessBase"]
[SourceDate "2021.09.30"]
[SourceVersion "1"]
[SourceVersionDate "2021.09.30"]
[SourceQuality "1"]

1. d4 Nf6 2. Nf3 g6 3. Bf4 Bg7 4. c3 d6 5. e3 0-0 6. Bd3 Nc6 7. Nbd2 e5 8. Bg5 h6 9. Bh4 Qe7 10. d5 Nb8 11. Ne4 Bf5 12. Nxf6+ Bxf6 13. Bxf5 Bxh4 14. Bc2 Nd7 15. g3 Bf6 16. h4 Bg7 17. Qe2 e4 18. Nd2 Nf6 19. 0-0-0 c6 20. dxc6 bxc6 21. g4 d5 22. g5 hxg5 23. hxg5 Nh7 24. f4 exf3 25. Qh2 Nxg5 26. e4 Rfb8 27. exd5 Rxb2 28. Kxb2 Qb4+ 29. Nb3 Qxc3+ 30. Kc1 Re8 31. Rd3 Qb2+ 32. Kd1 Re2 33. Qxe2 fxe2+ 34. Kd2 Bc3+ 35. Rxc3 Ne4+ 36. Kxe2 Nxc3+ 37. Kd3 Nxd5 38. Rb1 Qc3+ 39. Ke2 Qxc2+ 0-1

[Event "Palanga op"]
[Site "Palanga"]
[Date "2015.06.18"]
[Round "5"]
[White "Lindermans, Pavels"]
[Black "Bitinas, Zigmas"]
[Result "1/2-1/2"]
[WhiteElo "1632"]
[BlackElo "1798"]
[PlyCount "82"]
[EventDate "2015.06.15"]
[EventType "swiss"]
[EventRounds "9"]
[EventCountry "LTU"]
[SourceTitle "CBM 167 Extra"]
[Source "ChessBase"]
[SourceDate "2015.09.14"]
[SourceVersion "1"]
[SourceVersionDate "2015.09.14"]
[SourceQuality "1"]

1. e4 c5 2. Nf3 d6 3. d4 cxd4 4. Nxd4 Nf6 5. Nc3 a6 6. g3 g6 7. Bg2 Bg7 8. 0-0 0-0 9. h3 e5 10. Nb3 Be6 11. Nd5 Bxd5 12. exd5 Nbd7 13. Bd2 b6 14. Be3 Nc5 15. c3 Nfe4 16. Nxc5 Nxc5 17. Rc1 f5 18. b4 Nd7 19. c4 f4 20. Bd2 Qf6 21. Qg4 Qf5 22. Qxf5 Rxf5 23. h4 Rff8 24. Bh3 Rad8 25. Rce1 fxg3 26. fxg3 Nf6 27. a4 Kf7 28. Kg2 Kg8 29. a5 Rb8 30. Rb1 Ne4 31. Rxf8+ Bxf8 32. Be1 bxa5 33. b5 axb5 34. Bxa5 b4 35. Rxb4 Rxb4 36. Bxb4 Kf7 37. Kf3 Nc5 38. Bxc5 dxc5 39. Ke4 Bd6 40. g4 h6 41. Kd3 Kf6 1/2-1/2